00654cam a22002293a 45000010005000000030006000050050017000110080041000280400015000690420007000840500007000911000018000982450062001162600029001785060030002075160020002376530032002576530029002896530037003188300028003558560041003837898PGUSA20140828083150.0050401s2005||||xxu|||||s|||||000 1 eng d aPGUSAbeng adc 4aPZ1 aPrentice, Amy10aMouser Cat's Storyh[electronic resource] /cAmy Prentice bProject Gutenberg,c2005 aPublic domain in the USA. aElectronic text aAnimals -- Juvenile fiction aCats -- Juvenile fiction aStorytelling -- Juvenile fiction 0aProject Gutenbergv789840uhttp://www.gutenberg.org/ebooks/7898